Comparative lobbying research (Record no. 5152)

MARC details
000 -CABECERA
campo de control de longitud fija 01591nam a22002417a 4500
003 - IDENTIFICADOR DEL NÚMERO DE CONTROL
campo de control OSt
005 - FECHA Y HORA DE LA ÚLTIMA TRANSACCIÓN
campo de control 20260512153916.0
008 - DATOS DE LONGITUD FIJA--INFORMACIÓN GENERAL
campo de control de longitud fija 251023b |||||||| |||| 00| 0 eng d
022 ## - NÚMERO INTERNACIONAL NORMALIZADO PARA PUBLICACIONES SERIADAS
Número Internacional Normalizado para Publicaciones Seriadas 0149-2063
040 ## - FUENTE DE LA CATALOGACIÓN
Centro catalogador/agencia de origen English
Centro/agencia transcriptor tbs
041 ## - CÓDIGO DE LENGUA
Código de lengua del texto/banda sonora o título independiente English
100 ## - ENTRADA PRINCIPAL--NOMBRE DE PERSONA
Nombre de persona Bundy, Jonathan
9 (RLIN) 26439
245 ## - MENCIÓN DE TÍTULO
Título Comparative lobbying research
Resto del título : advances, shortcomings and recommendations
Mención de responsabilidad, etc. / Direnç Kanol
260 ## - PUBLICACIÓN, DISTRIBUCIÓN, ETC.
Nombre del editor, distribuidor, etc. Journal of Public Affairs
Fecha de publicación, distribución, etc. 2015
362 ## - FECHAS DE PUBLICACIÓN Y/O DESIGNACIÓN SECUENCIAL
Fecha de publicación y/o designación secuencial Journal of Public Affairs Volume 15 Number 1 pp 110–115 (2015) - DOI: 10.1002/pa.1527
520 ## - SUMARIO, ETC.
Sumario, etc. This review article suggests that there is a new school of comparative lobbying emerging. However, this development is taking place only gradually. Unlike the earlier studies, which studied corporatism/pluralism, outside lobbying and lobbying regulations, the new comparativists are mainly focusing on inside lobbying strategies and success as a function of country-level factors. Yet, the literature still suffers from underdeveloped theories. I stress that our knowledge can be improved with better theorizing. Better theories, in turn, can be formulated by improving the use of quantitative data gathering, qualitative research, formal models and better communication between researchers working with different methodologies in different disciplines.
653 ## - TÉRMINO DE INDIZACIÓN--NO CONTROLADO
Término no controlado Comparative Lobbying
653 ## - TÉRMINO DE INDIZACIÓN--NO CONTROLADO
Término no controlado Lobbying
653 ## - TÉRMINO DE INDIZACIÓN--NO CONTROLADO
Término no controlado Advocacy
653 ## - TÉRMINO DE INDIZACIÓN--NO CONTROLADO
Término no controlado Interest Groups
856 ## - LOCALIZACIÓN Y ACCESO ELECTRÓNICOS
Identificador Uniforme del Recurso <a href="https://bibliotheque.tbs-education.fr/Default/doc/bth/100766302/comparative-lobbying-research-advances-shortcomings-and-recommendations">https://bibliotheque.tbs-education.fr/Default/doc/bth/100766302/comparative-lobbying-research-advances-shortcomings-and-recommendations</a>
942 ## - ELEMENTOS DE ENTRADA AGREGADA (KOHA)
Fuente del sistema de clasificación o colocación Clasificación de Library of Congress
Holdings
Estado de retiro Estado de pérdida Fuente del sistema de clasificación o colocación Estado dañado No para préstamo Biblioteca de origen Biblioteca actual Fecha de adquisición Total de préstamos Fecha visto por última vez Identificador Uniforme del Recurso Precio válido a partir de Tipo de ítem Koha
    Clasificación de Library of Congress     TBS Barcelona TBS Barcelona 05/11/2025   05/11/2025 https://bibliotheque.tbs-education.fr/Default/doc/bth/100766302/comparative-lobbying-research-advances-shortcomings-and-recommendations 05/11/2025 Academic Article

Powered by Koha